| 000 | 01898cam a2200265 4500500 | ||
|---|---|---|---|
| 005 | 20260111092648.0 | ||
| 041 | _afre | ||
| 042 | _adc | ||
| 100 | 1 | 0 |
_aMattheeuws, Alain _eauthor |
| 245 | 0 | 0 | _aIndissolubilité : une fenêtre ouverte vers le ciel |
| 260 | _c2015. | ||
| 500 | _a42 | ||
| 520 | _aComment garder à la fidélité sa valeur intrinsèque au lien conjugal et accorder l’indissolubilité avec les divers chemins du pardon ? La recherche théologique et pastorale ne peut faire abstraction de la réalité sacramentelle profonde de l’engagement des époux. Cet article parcourt quelques pistes, en prenant en compte la réalité de la grâce sacramentelle où s’exprime le lien du Christ à son épouse, l’Église, et la théologie conciliaire des affinités sacramentelles et de l’Église-sacrement. | ||
| 520 | _aIndissolubility : a Window Open towards HeavenHow can the value of fidelity, intrinsic to the marriage bond, be kept and how can indissolubility be brought into agreement with the various paths of forgiveness ? Theological and pastoral research cannot disregard the profound sacramental reality of the commitment of the spouses. This article runs through several ways taking into account the reality of the sacramental grace where there is expressed the bond of Christ to his spouse, the Church, and the conciliar theology of sacramental affinities and of the Church-sacrament. | ||
| 690 | _adivorcés remariés | ||
| 690 | _aindissolubilité | ||
| 690 | _amariage | ||
| 690 | _asynode sur la famille | ||
| 690 | _adivorce and remarriage | ||
| 690 | _aindissolubility | ||
| 690 | _amarriage | ||
| 690 | _asynod on the family | ||
| 786 | 0 | _nNouvelle revue théologique | 137 | 3 | 2015-05-26 | p. 406-419 | 0029-4845 | |
| 856 | 4 | 1 | _uhttps://shs.cairn.info/revue-nouvelle-revue-theologique-2015-3-page-406?lang=fr&redirect-ssocas=7080 |
| 999 |
_c1624086 _d1624086 |
||